[Event "Ch Bayern (b)"]
[Site "masterchessopen.com Bayern (Germany)"]
[Round "0"]
[White "Meinberger Leo (GER)"]
[Black "Autenrieth Michael (GER)"]
[Result "0-1"]
[WhiteElo "2235"]
[BlackElo "2239"]

1.d4 d6 2.c4 Nd7 3.Nc3 e5 4.g3 g6 5.Bg2 Bg7 6.Nf3 Ngf6 7.O-O O-O 8.e4 c6 9.Rb1
a5 10.h3 Re8 11.Re1 Qe7 12.Be3 Nf8 13.Qd2 N6d7 14.Rbd1 f5 15.c5 dxc5 16.exf5
cxd4 17.Bxd4 gxf5 18.Nxe5 Bxe5 19.Bxe5 Nxe5 20.f4 Qc5+ 21.Kh2 Nc4 22.Rxe8 Nxd2
23.Rxd2 Kf7 24.Rdd8 Ne6 25.Rxc8 Rxc8 26.Rxc8 Qb4 {#R} 0-1

[Event "Bundesliga (2nd) North 1983/84"]
[Site "masterchessopen.com Germany"]
[Round "0"]
[White "Tomczak Rainer (GER)"]
[Black "Sack Bruno Wolfgang (GER)"]
[Result "1-0"]
[WhiteElo "2287"]
[BlackElo "2198"]

1.c4 Nf6 2.Nc3 g6 3.e4 d6 4.g3 Bg7 5.Bg2 O-O 6.Nf3 e5 7.d4 Nbd7 8.O-O c6 9.d5
c5 10.h3 a6 11.a4 b6 12.Be3 h6 13.Qd2 Kh7 14.Ne1 Ne8 15.Nd3 a5 16.Kh2 Qe7
17.f4 Ba6 18.b3 Rd8 19.f5 g5 20.Nf2 Bf6 21.Bf3 Rg8 22.Kg2 Ng7 23.Ng4 Ne8
24.Rh1 Nc7 25.Nxh6 Kxh6 26.h4 Bh8 27.hxg5+ Kg7 28.f6+ Nxf6 29.gxf6+ Kxf6
30.Rxh8 {#r} 1-0

[Event "It (open)"]
[Site "masterchessopen.com Lugano (Switzerland)"]
[Round "3"]
[White "Zueger Beat (SUI)"]
[Black "Tanner Heinrich (SUI)"]
[Result "1-0"]
[WhiteElo "2426"]
[BlackElo "2241"]

1.c4 Nf6 2.Nf3 g6 3.g3 Bg7 4.Bg2 O-O 5.O-O d6 6.d4 Nbd7 7.Nc3 e5 8.e4 c6 9.Rb1
a5 10.h3 exd4 11.Nxd4 Qb6 12.Be3 Nc5 13.Nb3 Qb4 14.Nxc5 dxc5 15.Na4 Be6 16.b3
Rfd8 17.Qc1 Bxc4 18.Qxc4 b5 19.Qxb4 cxb4 20.Nc5 {#r} 1-0

[Event "It (open)"]
[Site "masterchessopen.com Oslo (Norway)"]
[Round "0"]
[White "Hjartarson Johann (ISL)"]
[Black "Flis Jacek (POL)"]
[Result "1-0"]
[WhiteElo "2582"]
[BlackElo "2410"]

1.c4 g6 2.Nf3 Bg7 3.d4 d6 4.g3 Nf6 5.Bg2 O-O 6.O-O Nbd7 7.Nc3 e5 8.e4 c6 9.b3
Re8 10.h3 a5 11.Rb1 Qc7 12.Re1 h6 13.Be3 exd4 14.Nxd4 Nc5 15.Qc2 Qe7 16.Rbd1
Kh7 17.a3 Bd7 18.Bf4 Nh5 19.Nxc6 Bxc6 20.Bxd6 Qf6 21.e5 Qe6 22.Nd5 Na6 23.g4
Nf6 24.exf6 Qxd6 25.fxg7 Rxe1+ 26.Rxe1 Nc7 27.c5 Qd8 28.Ne7 Kxg7 29.Qc3+ f6
30.Bxc6 bxc6 31.Nxc6 Nd5 32.Qd4 Qg8 33.Ne7 {#r} 1-0

[Event "It (cat.8)"]
[Site "masterchessopen.com Grindavik (Iceland)"]
[Round "0"]
[White "Gudmundsson Elvar (ISL)"]
[Black "Angantysson Haukur (ISL)"]
[Result "0-1"]
[WhiteElo "2330"]
[BlackElo "2395"]

1.d4 Nf6 2.c4 g6 3.Nc3 Bg7 4.g3 O-O 5.Bg2 d6 6.Nf3 Nbd7 7.O-O e5 8.e4 c6 9.b3
Qb6 10.h3 exd4 11.Na4 Qc7 12.Nxd4 a6 13.Nc3 Rb8 14.Be3 c5 15.Nde2 b5 16.Nf4
bxc4 17.bxc4 Ne5 18.Ncd5 Nxd5 19.Nxd5 Qd8 20.Rc1 Be6 21.Qa4 Bxd5 22.cxd5 Qb6
23.Rfd1 Qb5 24.Qc2 Qb2 25.Qa4 Rb6 26.f4 Qe2 27.Qa3 Rb2 28.Rd2 Rxd2 29.Bxd2 Nd3
30.Rc2 Bd4+ 31.Kh2 Qd1 32.Rc1 {#R} 0-1

[Event "Olympiad"]
[Site "masterchessopen.com Salonika (Greece)"]
[Round "0"]
[White "Voiska Margarita (BUL)"]
[Black "Khadilkar Rohini (IND)"]
[Result "1-0"]
[WhiteElo "2336"]
[BlackElo "2215"]

1.Nf3 Nf6 2.g3 g6 3.Bg2 Bg7 4.O-O O-O 5.c4 d6 6.Nc3 e5 7.d4 Nbd7 8.e4 c6 9.Re1
exd4 10.Nxd4 Re8 11.Be3 Nc5 12.f3 a5 13.Qc2 Nfd7 14.Rad1 a4 15.Nde2 Qa5
16.Rxd6 Qb4 17.Red1 Qxc4 18.f4 Nf8 19.Bd4 Bg4 20.Bxg7 Kxg7 21.R1d4 Qa6 22.h3
Bxe2 23.Nxe2 Qb6 24.Kh2 Nfe6 25.Rd1 a3 26.b3 Rad8 27.Nc3 Qb4 28.e5 Nd4
29.R1xd4 {#r} 1-0

[Event "Ch Czechoslovakia"]
[Site "masterchessopen.com Sumperk (Czech Republic)"]
[Round "0"]
[White "Priehoda Vitezslav (CZE)"]
[Black "Vokac Marek (CZE)"]
[Result "0-1"]
[WhiteElo "2275"]
[BlackElo "2335"]

1.d4 Nf6 2.c4 g6 3.Nc3 Bg7 4.g3 O-O 5.Bg2 d6 6.Nf3 Nbd7 7.O-O e5 8.e4 c6 9.b3
Re8 10.h3 exd4 11.Nxd4 Nc5 12.Re1 a5 13.Bf4 Nh5 14.Be3 Qe7 15.Qc2 f5 16.exf5
Bxf5 17.Nxf5 gxf5 18.Bxc5 Qxe1+ 19.Rxe1 Rxe1+ 20.Kh2 dxc5 21.Bf3 Nf6 22.Qxf5
Re5 23.Qd3 Rae8 24.Kg2 R5e7 25.Qd6 Rf7 26.Qd2 Kh8 27.h4 Ref8 28.Bd1 b5 29.f3
Rd7 30.Qc1 Rfd8 31.Be2 b4 32.Na4 Rd2 33.Kf1 Rxa2 34.Nxc5 Rdd2 35.Bd3 Rh2
36.Ke1 Nd7 37.Nxd7 Bc3+ 38.Kd1 Rh1+ {#R} 0-1

[Event "Ch Armenia"]
[Site "masterchessopen.com Yerevan (Armenia)"]
[Round "0"]
[White "Shaboian Vladimir (ARM)"]
[Black "Movsziszian Karen (ARM)"]
[Result "0-1"]
[WhiteElo "2340"]
[BlackElo "2483"]

1.d4 g6 2.c4 Nf6 3.Nf3 Bg7 4.g3 O-O 5.Bg2 d6 6.O-O Nbd7 7.Nc3 e5 8.e4 c6 9.Be3
Ng4 10.Bg5 Qb6 11.h3 exd4 12.Na4 Qa6 13.hxg4 b5 14.Be7 Re8 15.Bxd6 bxa4 16.Re1
c5 17.e5 Bb7 18.b4 Rac8 19.Rb1 cxb4 20.Rxb4 Bxf3 21.Bxf3 Bxe5 22.Bxe5 Nxe5
23.Bd5 a3 24.Kg2 d3 25.Rb7 Rcd8 26.Rxe5 Rxe5 27.Qf3 Qxb7 28.Bxb7 d2 29.Bd5
Rdxd5 {#R} 0-1

[Event "Ch World (juniors) (under 20)"]
[Site "masterchessopen.com Kiljava (Finland)"]
[Date "1984.08.05"]
[Round "3"]
[White "Condie Mark L (SCO)"]
[Black "Pulkkinen Kari (FIN)"]
[Result "1-0"]
[WhiteElo "2360"]
[BlackElo "2263"]

1.Nf3 Nf6 2.c4 g6 3.Nc3 Bg7 4.d4 O-O 5.g3 d6 6.Bg2 Nbd7 7.O-O e5 8.e4 c6 9.b3
exd4 10.Nxd4 Ng4 11.h3 Qf6 12.Nde2 Nh6 13.f4 Qe7 14.Be3 f5 15.Bd4 Nf6 16.Qd2
Nxe4 17.Nxe4 fxe4 18.Bxg7 Kxg7 19.Qd4+ Kg8 20.Rfd1 Nf5 21.Qxe4 Re8 22.Qxe7
Rxe7 23.Rd2 Bd7 24.Bf3 Rae8 25.Kf2 Bc8 26.Rc1 Kg7 27.Rc3 h5 28.Rcd3 Nh6 29.Bg2
Nf7 30.Nd4 g5 31.Re2 gxf4 32.gxf4 a5 33.Rxe7 Rxe7 34.Rg3+ Kf6 35.Rg8 Rc7
36.Bf3 Bxh3 37.Bxh5 d5 38.cxd5 cxd5 39.Rg6+ Ke7 40.f5 Nd6 41.Rg7+ {#r} 1-0

[Event "Ch Mittelfranken"]
[Site "masterchessopen.com Bayern (Germany)"]
[Round "0"]
[White "Autenrieth Michael (GER)"]
[Black "Seibold Hubert Dr (GER)"]
[Result "0-1"]
[WhiteElo "2239"]
[BlackElo "2214"]

1.d4 Nf6 2.c4 g6 3.Nc3 Bg7 4.g3 O-O 5.Bg2 d6 6.Nf3 Nbd7 7.O-O e5 8.e4 c6 9.b3
Qb6 10.dxe5 Nxe5 11.Nd4 Bg4 12.f3 Bxf3 13.Bxf3 Nxf3+ 14.Rxf3 Nxe4 15.Ne2 d5
16.cxd5 Rfd8 17.Be3 Rxd5 18.Qc2 Ng5 19.Rff1 Rxd4 20.Kh1 Ne6 21.Nxd4 Bxd4
22.Bxd4 Nxd4 23.Qc4 Ne6 24.Rf6 c5 25.Raf1 Qc6+ 26.Kg1 b5 27.Qe2 Qd5 28.Qxb5
Ng5 29.h4 Ne4 30.R6f3 Qd4+ 31.Kg2 Rd8 32.Rxf7 Nd6 {#R} 0-1

[Event "It \"]
[Site "masterchessopen.com London (England)"]
[Date "1985.04.10"]
[Round "5"]
[White "Hawksworth John C (ENG)"]
[Black "Carton Patrick (IRL)"]
[Result "1-0"]
[WhiteElo "2355"]
[BlackElo "2189"]

1.d4 Nf6 2.c4 g6 3.g3 Bg7 4.Bg2 O-O 5.Nc3 d6 6.Nf3 Nbd7 7.O-O e5 8.e4 c6 9.b3
exd4 10.Nxd4 Re8 11.h3 Nc5 12.Re1 a5 13.Bf4 d5 14.cxd5 cxd5 15.exd5 Rxe1+
16.Qxe1 Nxd5 17.Nxd5 Bxd4 18.Rd1 Ne6 19.Be5 Bxe5 20.Qxe5 Qg5 21.Qxg5 Nxg5
22.Nb6 {#r} 1-0

[Event "It (open)"]
[Site "masterchessopen.com Cedok (Czech Republic)"]
[Round "0"]
[White "Hammer Peter (SUI)"]
[Black "Vepkhvishvili Varlam (GEO)"]
[Result "1-0"]
[WhiteElo "2254"]
[BlackElo "2322"]

1.c4 Nf6 2.Nc3 g6 3.g3 Bg7 4.Bg2 d6 5.d4 O-O 6.Nf3 Nbd7 7.O-O e5 8.e4 exd4
9.Nxd4 Re8 10.h3 Nc5 11.Re1 a5 12.Ndb5 Be6 13.e5 dxe5 14.Qxd8 Raxd8 15.Nxc7
Re7 16.Nxe6 Rxe6 17.Be3 Nd3 18.Re2 e4 19.Rd1 Rde8 20.Nxe4 Nxe4 21.Rxd3 b6
22.Bxe4 Rxe4 23.b3 Bd4 24.Kg2 h5 25.Kf3 g5 26.g4 hxg4+ 27.hxg4 Bc5 28.Red2
Bxe3 29.Rxe3 Rxe3+ 30.fxe3 a4 31.Rd5 f6 32.Rd6 axb3 33.axb3 b5 34.Rxf6 bxc4
35.bxc4 Kg7 36.Rf5 Kg6 37.c5 Re6 38.Rd5 Rf6+ 39.Ke2 {#r} 1-0

[Event "Ch World (juniors)"]
[Site "masterchessopen.com Gausdal (Norway)"]
[Round "0"]
[White "Dridi Ali (TUN)"]
[Black "Servat Roberto (ARG)"]
[Result "1-0"]
[WhiteElo "2290"]
[BlackElo "2290"]

1.d4 Nf6 2.Nf3 g6 3.g3 Bg7 4.Bg2 O-O 5.c4 d6 6.O-O Nbd7 7.Nc3 e5 8.e4 c6 9.b3
exd4 10.Nxd4 Nc5 11.h3 Re8 12.Re1 d5 13.exd5 Rxe1+ 14.Qxe1 Nxd5 15.cxd5 Bxd4
16.Be3 Nd3 17.Qd2 Bxe3 18.Qxe3 Nb4 19.Rd1 Nxd5 20.Bxd5 cxd5 21.Rxd5 Qf8 22.Ne4
Be6 23.Nf6+ Kh8 24.Rd4 Qg7 25.Qg5 Rc8 26.Rh4 Rc2 27.Rh6 Bf5 28.g4 Bd3 29.Rxh7+
Qxh7 30.Nxh7 Kxh7 31.Qf6 Rc7 32.Kh2 Rd7 33.h4 Be4 34.h5 Bd5 35.h6 Kxh6 36.Qh8+
Kg5 37.Kg3 {#r} 1-0

[Event "?"]
[Site "masterchessopen.com Portugal"]
[Round "38"]
[White "Sequera Jose (VEN)"]
[Black "Davies Nigel R (ENG)"]
[Result "0-1"]
[WhiteElo "2405"]
[BlackElo "2440"]

1.d4 g6 2.c4 Bg7 3.Nc3 d6 4.Nf3 Nf6 5.g3 O-O 6.Bg2 Nbd7 7.O-O e5 8.e4 c6 9.Re1
Ng4 10.d5 c5 11.h3 Nh6 12.Be3 f6 13.a3 Nf7 14.Qd2 a5 15.b4 b6 16.Rab1 axb4
17.axb4 f5 18.Rb3 f4 19.gxf4 exf4 20.Bxf4 Nde5 21.Ne2 Nxc4 22.Qc1 Nce5 23.Nxe5
Nxe5 24.Bxe5 Bxe5 25.f4 Bg7 26.bxc5 bxc5 27.Qe3 Re8 28.Kh1 Ra2 29.Ra3 Rxa3
30.Qxa3 g5 31.f5 Be5 32.Ng3 g4 33.Rf1 gxh3 34.Bxh3 Qh4 35.Kg2 Kh8 36.Rf3 Rg8
37.Qd3 c4 38.Qe3 c3 {#R} 0-1

[Event "Ch Czechoslovakia"]
[Site "masterchessopen.com Prague (Czech Republic)"]
[Round "0"]
[White "Smejkal Jan (CZE)"]
[Black "Freisler Pavel (CZE)"]
[Result "1-0"]
[WhiteElo "2540"]
[BlackElo "2323"]

1.Nf3 Nf6 2.c4 g6 3.d4 Bg7 4.g3 O-O 5.Bg2 d6 6.Nc3 Nbd7 7.O-O e5 8.e4 c6 9.b3
Re8 10.h3 exd4 11.Nxd4 Nc5 12.Re1 Qa5 13.Bd2 Nd3 14.Re3 Nxf2 15.Kxf2 Ng4+
16.hxg4 Bxd4 17.Nd5 Qd8 18.Bc3 Be5 19.Bxe5 dxe5 20.Nc3 Qf6+ 21.Rf3 Qe7 22.Rd3
Qf6+ 23.Kg1 Qg5 24.Bf3 h5 25.gxh5 gxh5 26.Qd2 Qxg3+ 27.Qg2 Qxg2+ 28.Kxg2 h4
29.Rh1 h3+ 30.Kh2 Be6 31.Rg1+ Kf8 32.Bg4 Rad8 33.Rxd8 Rxd8 34.Bxe6 fxe6 35.Rd1
{#r} 1-0

[Event "Oberliga Baden 1986/87"]
[Site "masterchessopen.com Baden-Wuerttemberg (Germany)"]
[Round "0"]
[White "Eberlein Wolfgang (GER)"]
[Black "Boehm Martin (GER)"]
[Result "0-1"]
[WhiteElo "2222"]
[BlackElo "2270"]

1.d4 Nf6 2.Nf3 g6 3.g3 Bg7 4.Bg2 O-O 5.O-O d6 6.c4 Nbd7 7.Nc3 e5 8.e4 c6 9.b3
exd4 10.Nxd4 Nc5 11.Bb2 Qb6 12.Qd2 a5 13.Rad1 a4 14.bxa4 Nxa4 15.Ba1 Nxc3
16.Bxc3 Ra4 17.Ne2 Be6 18.Qxd6 Ne8 19.Qe7 Bxc4 20.Rd8 Bxe2 21.Rxe8 Ra8
22.Rxf8+ Rxf8 23.Bxg7 Kxg7 24.Re1 Bc4 25.a3 Rd8 26.e5 Rd2 27.Qf6+ Kg8 28.Bh3
Qd4 29.Qf3 Rd3 30.Qg4 Qxg4 31.Bxg4 Rxa3 32.f4 Kf8 33.f5 gxf5 34.Bxf5 Bd5
35.Bxh7 Ke7 36.Bf5 Ra2 37.Be4 Bxe4 38.Rxe4 b5 39.h4 {#R} 0-1

[Event "Ch Scotland"]
[Site "masterchessopen.com Hamilton (Scotland)"]
[Round "1"]
[White "McNab Colin A (SCO)"]
[Black "Buchanan Walter F (SCO)"]
[Result "1-0"]
[WhiteElo "2415"]
[BlackElo "2127"]

1.c4 Nf6 2.Nf3 g6 3.g3 Bg7 4.Bg2 O-O 5.O-O d6 6.d4 Nbd7 7.Nc3 e5 8.e4 c6 9.b3
a6 10.a4 Rb8 11.a5 b5 12.axb6 Qxb6 13.Ra3 exd4 14.Na4 Qc7 15.Nxd4 Bb7 16.Ne2
Rbd8 17.Qc2 Rfe8 18.h3 d5 19.cxd5 Qd6 20.dxc6 Qxc6 21.Qxc6 Bxc6 22.f3 Bf8
23.Ra2 Nc5 24.Bg5 Kg7 25.Rc1 Bxa4 26.bxa4 Rc8 27.Rac2 Nfd7 28.Be3 Be7 29.Nf4
Kf8 30.Nd5 Bd6 31.Bf1 Bxg3 32.Rxc5 {#r} 1-0

[Event "It"]
[Site "masterchessopen.com Bytom (Poland)"]
[Round "2"]
[White "Bany Jerzy (POL)"]
[Black "Karlik Vladimir (CZE)"]
[Result "1-0"]
[WhiteElo "2420"]
[BlackElo "2286"]

1.d4 Nf6 2.Nf3 g6 3.c4 Bg7 4.g3 O-O 5.Bg2 d6 6.Nc3 Nbd7 7.O-O e5 8.e4 c6 9.b3
exd4 10.Nxd4 Re8 11.h3 Nc5 12.Re1 Qa5 13.Bd2 Nfd7 14.Nde2 Qc7 15.Be3 Ne5
16.Nd4 a5 17.Re2 h5 18.Rd2 Qe7 19.Qc2 Bf8 20.Rad1 Qc7 21.Bg5 Qb6 22.Ndb5 Bxh3
23.Nxd6 Bxd6 24.Rxd6 Bg4 25.Nd5 Bxd1 26.Qxd1 Qa7 27.Nf6+ Kf8 28.Nxe8 Rxe8
29.Qd4 Kg8 30.Rd8 {#r} 1-0

[Event "Ch Bundeswehr"]
[Site "masterchessopen.com Germany"]
[Round "2"]
[White "Birke Matthias Dr (GER)"]
[Black "Schade Gunnar"]
[Result "1-0"]
[WhiteElo "2280"]
[BlackElo "2145"]

1.c4 Nf6 2.Nc3 g6 3.g3 Bg7 4.Bg2 O-O 5.Nf3 d6 6.O-O e5 7.d4 Nbd7 8.e4 c6 9.b3
Qb6 10.Re1 exd4 11.Nxd4 Re8 12.Be3 Nc5 13.h3 Nfxe4 14.Nxe4 Nxe4 15.Ne6 Qa5
16.Nxg7 Bxh3 17.Nxe8 Bxg2 18.Kxg2 Rxe8 19.f3 Nf6 20.Bd4 {#r} 1-0

[Event "It (open)"]
[Site "masterchessopen.com Lyngby (Denmark)"]
[Round "1"]
[White "Szekely Peter (HUN)"]
[Black "Van Wely Loek (NED)"]
[Result "1-0"]
[WhiteElo "2408"]
[BlackElo "2689"]

1.Nf3 g6 2.c4 Bg7 3.d4 Nf6 4.g3 O-O 5.Bg2 d6 6.Nc3 Nbd7 7.O-O e5 8.e4 c6 9.Rb1
Re8 10.h3 exd4 11.Nxd4 Nc5 12.Re1 a5 13.Bf4 Nh5 14.Be3 Qc7 15.Qd2 Be6 16.b3
Rad8 17.Rbd1 Bc8 18.Kh2 Qb6 19.Bg5 Nf6 20.Nc2 h5 21.Re2 Kh7 22.Kg1 Qc7 23.Nd4
Qb6 24.Qf4 Ne6 25.Nxe6 Rxe6 26.Na4 Qb4 27.Qc1 d5 28.e5 Rde8 29.Bd2 Qf8 30.exf6
Rxe2 31.fxg7 Qd6 32.Nc3 {#r} 1-0

[Event "It (open)"]
[Site "masterchessopen.com Pau (France)"]
[Round "0"]
[White "Bischoff Klaus (GER)"]
[Black "Kraut Rainer (GER)"]
[Result "1-0"]
[WhiteElo "2465"]
[BlackElo "2444"]

1.Nf3 Nf6 2.c4 g6 3.Nc3 Bg7 4.g3 O-O 5.Bg2 d6 6.d4 Nbd7 7.O-O e5 8.e4 c6 9.Rb1
a5 10.h3 exd4 11.Nxd4 Re8 12.Re1 Nc5 13.Bf4 Nh5 14.Be3 Nf6 15.Bf4 Nh5 16.Be3
Nf6 17.Qc2 a4 18.b4 axb3 19.axb3 Qc7 20.Re2 Bd7 21.Rd2 Qc8 22.b4 Ne6 23.Nde2
Bf8 24.Na4 Qc7 25.Nb6 Rad8 26.Rbd1 Bc8 27.Nc3 Be7 28.Qa2 Nd7 29.Qa7 Nef8
30.Na8 Qb8 31.Qxb8 Nxb8 32.Nc7 {#r} 1-0

[Event "It (open)"]
[Site "masterchessopen.com Saint John (Canada)"]
[Round "0"]
[White "Ilic Zoran (SRB)"]
[Black "Rajna George (ISR)"]
[Result "1-0"]
[WhiteElo "2349"]
[BlackElo "2390"]

1.d4 Nf6 2.Nf3 g6 3.c4 Bg7 4.g3 O-O 5.Bg2 d6 6.Nc3 Nbd7 7.O-O e5 8.e4 c6 9.b3
Re8 10.h3 exd4 11.Nxd4 Nc5 12.Re1 Qb6 13.Be3 a5 14.Rb1 Qb4 15.Ncb5 cxb5
16.Nxb5 Nfxe4 17.a3 Nc3 18.Qf3 Qxb5 19.cxb5 Bf5 20.Bxc5 Bxb1 21.Rxe8+ Rxe8
22.Bxd6 Be4 23.Qe3 Bd4 24.Qd2 Nxb5 25.Bxe4 Rxe4 26.Bf4 b6 27.Qd3 Nc3 28.Kg2 b5
29.Bd2 f5 30.Bxc3 Bxc3 31.Qxc3 b4 32.Qc8+ Kg7 33.Qc7+ {#r} 1-0

[Event "?"]
[Site "masterchessopen.com Schoeneck (Germany)"]
[Round "9"]
[White "Gruen Peter (GER)"]
[Black "Alber Horst (GER)"]
[Result "1-0"]
[WhiteElo "2380"]
[BlackElo "2340"]

1.d4 Nf6 2.Nf3 g6 3.c4 Bg7 4.g3 O-O 5.Bg2 d6 6.O-O Nbd7 7.Nc3 e5 8.e4 c6 9.b3
Re8 10.h3 exd4 11.Nxd4 Nc5 12.Re1 d5 13.Rb1 Qb6 14.Be3 Qb4 15.Ncb5 cxb5
16.Nxb5 Nfxe4 17.a3 Qxe1+ 18.Qxe1 Bf5 19.g4 Nxf2 20.gxf5 Bh6 21.Bxh6 {#r} 1-0

[Event "?"]
[Site "masterchessopen.com Val Maubuee (France)"]
[Round "0"]
[White "Bernard Christophe (FRA)"]
[Black "Dussol Pierre (FRA)"]
[Result "0-1"]
[WhiteElo "1694"]
[BlackElo "2220"]

1.d4 Nf6 2.Nf3 g6 3.c4 Bg7 4.Nc3 O-O 5.g3 d6 6.Bg2 Nbd7 7.O-O e5 8.e4 c6 9.Re1
Re8 10.h3 a5 11.Be3 exd4 12.Nxd4 Nc5 13.Qc2 a4 14.Rad1 Nfd7 15.f4 Qa5 16.Bf2
Qb4 17.Nb1 Nf6 18.Kh2 Bd7 19.a3 Qa5 20.Nc3 Re7 21.Nde2 Be6 22.Rxd6 Bxc4 23.e5
Ne8 24.Rd4 Bb3 25.Qb1 f6 26.exf6 Nxf6 27.f5 Bf7 28.Nf4 Rxe1 29.Qxe1 gxf5
30.Rb4 Re8 31.Qb1 Nfe4 32.Nxe4 Nxe4 33.Bxe4 fxe4 34.Rxb7 Qd2 35.Kg1 Bb3 36.Ng2
e3 37.Be1 Qxb2 38.Qxb2 Bxb2 39.Bb4 Bd4 40.Kf1 c5 41.Ba5 e2+ 42.Ke1 Bd5 {#R}
0-1

[Event "It (2)"]
[Site "masterchessopen.com Budapest (Hungary)"]
[Round "0"]
[White "Horvath Jozsef M (HUN)"]
[Black "Watson William N (ENG)"]
[Result "1-0"]
[WhiteElo "2104"]
[BlackElo "2495"]

1.d4 Nf6 2.Nf3 g6 3.c4 Bg7 4.g3 O-O 5.Bg2 d6 6.Nc3 Nbd7 7.O-O e5 8.e4 c6 9.b3
Qb6 10.Bb2 Re8 11.Re1 exd4 12.Nxd4 Nc5 13.Qc2 Ng4 14.Rad1 Ne5 15.Nde2 Bg4
16.Rxd6 Nf3+ 17.Bxf3 Bxf3 18.Nd5 Qa5 19.b4 Qa4 20.Qc1 Nd3 21.Nf6+ Bxf6 22.Rxd3
Bxb2 23.Qxb2 Bxe2 24.Ra3 Qxa3 25.Qxa3 Bxc4 26.g4 a6 27.Re3 Rad8 28.h4 Rd1+
29.Kg2 Red8 30.h5 Bf1+ 31.Kg3 R8d2 32.Qc3 Rd6 33.Qe5 {#r} 1-0

[Event "It"]
[Site "masterchessopen.com Frankfurt (Germany)"]
[Round "7"]
[White "Bretsnajdr Vladimir (CZE)"]
[Black "Alber Horst (GER)"]
[Result "1-0"]
[WhiteElo "2286"]
[BlackElo "2340"]

1.d4 Nf6 2.Nf3 g6 3.c4 Bg7 4.g3 O-O 5.Bg2 d6 6.O-O Nbd7 7.Nc3 e5 8.e4 c6 9.b3
exd4 10.Nxd4 Nc5 11.h3 Re8 12.Re1 a5 13.Bf4 Nh5 14.Be3 Qe7 15.Qc2 Bd7 16.Rad1
Rad8 17.Qd2 Bc8 18.Bg5 Nf6 19.a3 Qf8 20.Qc2 h6 21.Be3 Qe7 22.f3 Qc7 23.Bf2 Nh5
24.f4 Re7 25.Nde2 Ne6 26.Na4 Qb8 27.Bb6 Rdd7 28.Qd2 Nc5 29.Nxc5 dxc5 30.Qxa5
Nxg3 31.Nxg3 Qxf4 32.Rxd7 Rxd7 33.Nf1 Bd4+ 34.Kh1 Qf2 35.Nh2 f5 36.Rf1 Qg3
37.Qe1 Qxb3 38.exf5 Bf6 39.Qe8+ {#r} 1-0

[Event "It (open)"]
[Site "masterchessopen.com Mendrisio (Switzerland)"]
[Round "2"]
[White "Pigusov Evgeny (RUS)"]
[Black "Sericano Claudio (ITA)"]
[Result "1-0"]
[WhiteElo "2560"]
[BlackElo "2260"]

1.Nf3 Nf6 2.c4 d6 3.g3 g6 4.d4 Bg7 5.Bg2 O-O 6.O-O Nbd7 7.Nc3 e5 8.e4 c6 9.b3
Re8 10.h3 exd4 11.Nxd4 Nc5 12.Re1 a5 13.Rb1 Qe7 14.Bf4 Nh5 15.Be3 Ne6 16.Na4
Nxd4 17.Bxd4 Be6 18.Qd2 Bxd4 19.Qxd4 b5 20.cxb5 cxb5 21.Nc3 Rab8 22.Rbd1 Rec8
23.Bf1 b4 24.Nd5 Bxd5 25.Qxd5 Qa7 26.Qxd6 Rc2 27.Re2 Rbc8 28.Red2 R8c6 29.Qe5
Rxd2 30.Rxd2 Qc7 31.Qe8+ {#r} 1-0

[Event "It (cat.8) \"]
[Site "masterchessopen.com Trnava (Slovakia)"]
[Round "11"]
[White "Stohl Igor (SVK)"]
[Black "Bilek Istvan (HUN)"]
[Result "1-0"]
[WhiteElo "2500"]
[BlackElo "2420"]

1.d4 g6 2.c4 Bg7 3.Nf3 d6 4.Nc3 Nf6 5.g3 O-O 6.Bg2 Nbd7 7.O-O e5 8.e4 c6 9.b3
Re8 10.h3 a6 11.Be3 b5 12.cxb5 axb5 13.dxe5 dxe5 14.Qc2 Qa5 15.a4 Qb4 16.axb5
Rxa1 17.Rxa1 cxb5 18.Bf1 Bb7 19.Bxb5 Nxe4 20.Bxd7 Nxc3 21.Bxe8 Bxf3 22.Kh2 Be4
23.Qd2 Bd5 24.Ra7 Bf8 25.Rc7 Be7 26.Bc6 Be6 27.Rxe7 {#r} 1-0

[Event "It \"]
[Site "masterchessopen.com Budapest (Hungary)"]
[Round "0"]
[White "Kallai Gabor (HUN)"]
[Black "Lau Ralf (GER)"]
[Result "0-1"]
[WhiteElo "2410"]
[BlackElo "2460"]

1.Nf3 d6 2.d4 Nf6 3.g3 g6 4.Bg2 Bg7 5.O-O O-O 6.c4 Nbd7 7.Nc3 e5 8.e4 c6 9.Re1
a6 10.dxe5 dxe5 11.Qd6 Re8 12.Be3 Bf8 13.Qd2 Ng4 14.Rad1 Nxe3 15.Qxe3 Qb6
16.Bh3 Nc5 17.Bxc8 Raxc8 18.Re2 Qb4 19.b3 Bg7 20.Red2 b5 21.cxb5 axb5 22.h4
Ne6 23.h5 Nd4 24.Ne2 Bh6 25.Rxd4 Qxd4 26.Rxd4 Bxe3 27.Rd7 Bh6 28.a4 bxa4
29.bxa4 Bg7 30.hxg6 hxg6 31.Ng5 Rf8 32.Kg2 Bf6 33.Nf3 Rfd8 34.Rb7 Rb8 35.Rc7
Rdc8 36.Rd7 Rb4 37.a5 Rxe4 {#R} 0-1

[Event "Bundesliga 1990/91 (2nd)"]
[Site "masterchessopen.com Germany"]
[Round "0"]
[White "Wenner Tobias (GER)"]
[Black "Derichs Roger (GER)"]
[Result "1-0"]
[WhiteElo "2210"]
[BlackElo "2303"]

1.Nf3 Nf6 2.c4 g6 3.g3 Bg7 4.Bg2 O-O 5.O-O d6 6.d4 Nbd7 7.Nc3 e5 8.e4 c6 9.Rb1
exd4 10.Nxd4 Re8 11.h3 Nc5 12.Re1 a5 13.Bf4 Nh5 14.Be3 h6 15.Qc2 Nf6 16.Rbd1
Nfd7 17.f4 a4 18.Kh2 Qe7 19.Bf2 Kh7 20.Nf5 Qf8 21.Nxd6 Re6 22.e5 a3 23.b4 Na6
24.b5 cxb5 25.cxb5 Nac5 26.Nd5 Rxd6 27.exd6 Qxd6 28.Ne7 Qc7 29.f5 Qb6 30.fxg6+
fxg6 31.Qc4 h5 32.Qg8+ Kh6 33.Be3+ g5 34.Bxg5+ {#r} 1-0

[Event "Ch Italy"]
[Site "masterchessopen.com Italy"]
[Round "0"]
[White "Werther Tobias (ITA)"]
[Black "Bellia Fabrizio (ITA)"]
[Result "0-1"]
[WhiteElo "2325"]
[BlackElo "2320"]

1.Nf3 Nf6 2.d4 g6 3.c4 Bg7 4.g3 O-O 5.Bg2 d6 6.O-O Nbd7 7.Nc3 e5 8.e4 c6 9.Qc2
exd4 10.Nxd4 Re8 11.Rd1 Qe7 12.Bf4 Nh5 13.Be3 a5 14.h3 Nc5 15.Nb3 Ne6 16.Qd2
a4 17.Nc1 Qc7 18.N1e2 Qa5 19.Qxd6 Rd8 20.Qe7 Rxd1+ 21.Rxd1 Bf8 22.Qh4 Bg7
23.g4 Bf6 24.g5 Nxg5 25.Kh1 Nxh3 {#R} 0-1

[Event "It (open) (b)"]
[Site "masterchessopen.com Kecskemet (Hungary)"]
[Round "0"]
[White "Golikov Anatolij (RUS)"]
[Black "Lorscheid Gerhard (GER)"]
[Result "1-0"]
[WhiteElo "2338"]
[BlackElo "2277"]

1.d4 g6 2.c4 Bg7 3.g3 Nf6 4.Bg2 O-O 5.Nc3 d6 6.Nf3 Nbd7 7.O-O e5 8.e4 c6 9.b3
exd4 10.Nxd4 Re8 11.Re1 a5 12.h3 Qb6 13.Be3 Nc5 14.Qc2 Bd7 15.Rad1 a4 16.f4
Qb4 17.Bf2 Nh5 18.Nce2 axb3 19.Nxb3 Nxb3 20.axb3 Ra3 21.g4 Nf6 22.Nc1 Bc8
23.Qd3 Bf8 24.Bd4 Nd7 25.Bb2 Ra8 26.Kh1 c5 27.Qc2 Nb8 28.Nd3 {#r} 1-0

[Event "It (open)"]
[Site "masterchessopen.com Muenster (Germany)"]
[Round "1"]
[White "Aseev Konstantin N (RUS)"]
[Black "Krauss Hermann (GER)"]
[Result "1-0"]
[WhiteElo "2575"]
[BlackElo "2129"]

1.d4 Nf6 2.c4 g6 3.g3 Bg7 4.Bg2 O-O 5.Nc3 d6 6.Nf3 Nbd7 7.O-O e5 8.e4 c6 9.Qc2
exd4 10.Nxd4 Qb6 11.Nde2 Ng4 12.h3 Nge5 13.Be3 Qa6 14.b3 Nb6 15.Rad1 f5
16.Rxd6 Nbxc4 17.bxc4 Nxc4 18.Rdd1 Nxe3 19.fxe3 Be6 20.exf5 Bxf5 21.Qb3+ Kh8
22.e4 Bc8 23.Rxf8+ Bxf8 24.Qf7 {#r} 1-0